| 000 | 00303nam a22001217a 4500 | ||
|---|---|---|---|
| 082 | _aP-37 | ||
| 100 |
_aKhalid mehmood, Syn no.1 _947757 |
||
| 245 |
_aAir conditioning _cKhalid mehmood, shehzad. |
||
| 260 |
_aRisalpur. _bMCE _cc2000. |
||
| 526 |
_a0 _b0 _c0 _dP_37 |
||
| 650 | _aProject. | ||
| 942 |
_2ddc _cBK |
||
| 999 |
_c550902 _d550902 |
||